Statistics for Countries With the Most HIV- Percentage

Click here to take the quiz!

General Stats

  • This quiz has been taken 32 times
  • The average score is 14 of 16

Answer Stats

Country% Correct
27.90%Eswatini
100%
13.30%South Africa
100%
21.40%Zimbabwe
100%
12.10%Zambia
97%
4.80%Kenya
93%
23.10%Lesotho
93%
4.80%Uganda
93%
9.50%Malawi
90%
12.10%Mozambique
90%
22.20%Botswana
86%
12.70%Namibia
86%
5.10%Tanzania
86%
3.60%Central African Republic
79%
3.60%Gabon
76%
7.00%Equatorial Guinea
55%
3.40%Guinea-Bissau
45%

Score Distribution

Percentile by Number Answered

Percent of People with Each Score

Your Score History

You have not taken this quiz